| 000 | 00527 a2200181 4500 | ||
|---|---|---|---|
| 020 | _a 8177582836 | ||
| 040 |
_aDLC _bDLC |
||
| 082 | _a 531 | ||
| 100 | _aGoldstein, Herbert. | ||
| 245 |
_aClassical Mechanics _c Goldstein, |
||
| 250 | _a3ed ed | ||
| 260 |
_aNew Delhi : _bPearson Education Inc. _cc2006. |
||
| 300 |
_axviii, 638 p. _b: ill. _c ; 24 cm |
||
| 500 | _aIncludes bibliographical references and index | ||
| 650 | _aMechanics, Analytic. | ||
| 700 | _a1.Poole, Charles P.2.Safko, John L. | ||
| 942 |
_cBK _k531 GOL _2ddc |
||
| 999 |
_c7668 _d7668 |
||